[Event "Turkey IS Bank Super League 2017"]
[Site "Darica-Kocaeli"]
[Date "2017.07.28"]
[Round "3"]
[White "Asadli, Vugar"]
[Black "Ozer, Omer Faruk"]
[Result "1-0"]
[WhiteElo "2457"]
[BlackElo "2411"]
[Annotator "TA"]
[PlyCount "71"]
[EventType "team-tourn"]
[EventCountry "TUR"]
[SourceTitle "playchess.com"]
[Source "ChessBase"]
[SourceQuality "1"]

{[%evp 14,71,6,0,2,0,0,0,0,0,11,14,26,22,22,15,21,30,21,16,19,31,54,42,26,26,71,81,118,125,119,89,72,79,104,101,150,94,99,49,137,166,152,96,87,0,0,0,456,438,626,624,29990,29991,29991,29992,29992,29993,29998,29999]} 1. e4 e5 2. Nf3 Nc6 3. Bc4 {[%cal Bf1c4,Bc4b3,Bb3c2][%mdl 32]} Bc5 4. c3 Nf6 5. d3 d6 6. Bb3 h6 7. h3 {C54: Giuoco Piano: 4 c3 Nf6, main lines with 5 d4 and 5 d3} a5 {[%cal Ba7a5,Ba5a4][%mdl 32]} 8. Nbd2 {LiveBook: 4 Games} b5 9. O-O {The position is equal.} a4 10. Bc2 $1 O-O 11. Re1 Bd7 $146 ({Predecessor:} 11... Nh7 12. Nf1 f5 13. d4 exd4 14. cxd4 {1-0 (44) Popov,I (2609)-Dzhumaev,A (2226) Moscow 2011}) 12. Nf1 Qb8 13. d4 Bb6 14. Be3 a3 15. b4 exd4 16. Bxd4 Bxd4 17. Nxd4 Re8 18. f4 Qb6 19. Kh2 g6 20. Ng3 h5 {[%cal Bh6h5,Bh5h4][%mdl 32]} 21. Nf3 {[#]} Bg4 $1 {[%mdl 512]} 22. Qd3 (22. hxg4 Nxg4+) 22... Bxf3 23. Qxf3 h4 24. Nf1 Re7 25. Re2 ({Better is} 25. Ne3) 25... Rae8 $16 26. Rae1 Kg7 (26... Nb8 $1 $14) 27. g4 hxg3+ 28. Nxg3 (28. Qxg3 $142 Kg8 29. Qg5) 28... Rh8 {[#]} 29. e5 (29. Bb3 $1 $16) 29... dxe5 $1 $11 30. fxe5 {[%cal Bf4e5,Be5f6][%mdl 32]} Nh7 $2 {[%mdl 8192]} (30... Nd7 $11 31. Bb3 Ncxe5 32. Rxe5 Nxe5 33. Rxe5 Rhe8) 31. Qf4 $18 Rhe8 {[#]} (31... Nd8 $142 32. Rg2 g5) 32. Nf5+ $1 {[%mdl 512]} gxf5 33. Rg2+ {White mates.} Kh8 34. Qxf5 {[%csl Gc2][%cal Rf5h7]} f6 {[#]} 35. exf6 $1 {[%mdl 512]} Nd4 {[#]} 36. Qxh7+ $1 {[%mdl 512] Precision: White = 81%, Black = 32%.} 1-0

[Event "Turkey IS Bank Super League 2017"]
[Site "Darica-Kocaeli"]
[Date "2017.07.28"]
[Round "3"]
[White "Atalik, Ekaterina"]
[Black "Isgandarova, Khayala"]
[Result "1-0"]
[WhiteElo "2445"]
[BlackElo "2257"]
[Annotator "TA"]
[PlyCount "83"]
[EventType "team-tourn"]
[EventCountry "TUR"]
[SourceTitle "playchess.com"]
[Source "ChessBase"]
[SourceQuality "1"]

{[%evp 20,83,48,38,77,36,69,40,111,114,119,106,111,95,99,92,83,93,161,167,184,179,191,150,164,154,167,136,165,165,168,169,173,168,168,170,245,246,250,236,284,284,530,520,568,564,554,544,535,504,834,837,888,834,1050,1039,1111,1105,927,752,724,741,702,681,1370,1371]} 1. d4 Nf6 2. Nf3 g6 3. g3 Bg7 4. Bg2 O-O 5. O-O d6 6. b3 Nc6 7. Bb2 Nd7 8. c4 e5 9. dxe5 Ndxe5 10. Nxe5 dxe5 11. Nc3 {LiveBook: 8 Games} Bf5 {A49: 1 d4 Nf6 2 Nf3 g6 3 g3: Anti-King's Indian systems} 12. Nd5 Qd7 13. Ne3 $146 ({Find the theoretical novelty and annotate with similar games:} 13. e3 Rad8 14. Qe2 Rfe8 15. Rfd1 Qc8 16. Bc3 Nb8 17. e4 Be6 18. Qf3 Bg4 19. Ne7+ Rxe7 20. Rxd8+ Qxd8 21. Qxg4 {1-0 (36) Maharramzade,J (2423)-Mamedyarov,S (2201) Baku 2000}) 13... Nd8 (13... Rfd8 $14) 14. Qxd7 $16 Bxd7 15. Rfd1 Be6 16. Nd5 c6 {[#]} 17. Nc7 $1 {[%cal Rc7a8]} Rc8 18. Ba3 $36 {[%mdl 2048] Keeping Black busy.} Rxc7 (18... Bg4 $16 {might work better.}) 19. Bxf8 $18 Kxf8 20. Rxd8+ Ke7 21. Rdd1 f5 22. Rac1 e4 23. f3 exf3 24. exf3 c5 25. f4 Bd4+ 26. Kf1 Kf6 27. Rc2 b6 (27... Bf7 {is a better defense.} 28. Bf3 Rd7) 28. Re2 Re7 29. Bd5 {[#] aiming for Rde1.} Bxd5 30. cxd5 Rxe2 $2 (30... Rd7 31. Re6+ Kg7) 31. Kxe2 {[%mdl 4096] Endgame KR-KB. White is clearly winning.} Bb2 32. Kd3 Ke7 33. Kc4 Kd6 34. Re1 b5+ (34... Kd7 $142 35. Re6 Bg7) 35. Kxb5 Kxd5 36. Re7 h6 37. Rxa7 g5 38. fxg5 hxg5 39. Rf7 Ke6 40. Rf8 Bf6 41. Kc4 Bd4 42. a4 {Precision: White = 77%, Black = 35%.} 1-0

[Event "Turkey IS Bank Super League 2017"]
[Site "Darica-Kocaeli"]
[Date "2017.07.28"]
[Round "3"]
[White "Kanmazalp, Ogulcan"]
[Black "Swiercz, Dariusz"]
[Result "1/2-1/2"]
[WhiteElo "2445"]
[BlackElo "2637"]
[Annotator "TA"]
[PlyCount "140"]
[EventType "team-tourn"]
[EventCountry "TUR"]
[SourceTitle "playchess.com"]
[Source "ChessBase"]
[SourceQuality "1"]

{[%evp 20,140,0,0,5,0,10,7,18,11,36,33,40,11,10,12,37,32,37,37,25,25,28,28,28,28,23,23,23,31,34,33,36,5,7,0,0,0,0,0,0,-6,0,0,0,0,0,-6,-6,-6,-6,-8,-2,-2,-2,-2,-2,-2,-2,-2,-2,-2,-2,-2,-2,-2,-2,-2,0,-2,-2,-2,-2,-2,-2,-2,-2,-2,-2,-2,-2,-2,0,-2,-2,-2,-2,-2,-2,-2,-2,-2,0,-2,-2,-2,0,0,0,-2,0,-2,0,-2,-2,-2,-2,-2,-2,-2,-2,-2,-2,-2,-2,-2,0,-2,0,-2,0,-2,0]} 1. Nf3 Nf6 2. c4 b6 3. Nc3 Bb7 4. d4 e6 5. a3 d5 6. Bg5 Be7 7. cxd5 Nxd5 8. Bxe7 Qxe7 9. Nxd5 Bxd5 10. e3 O-O 11. Rc1 Rc8 {E12: Queen's Indian: Unusual White 4th moves, 4 a3, 4 Nc3 Bb7 5 a3 and 4 Nc3 Bb7} 12. Be2 c5 (12... Bb7 13. O-O {½-½ (13) Zvjaginsev,V (2658)-Khairullin,I (2630) Moscow 2015}) 13. dxc5 {[#]} bxc5 $146 ({Find the theoretical novelty and annotate with similar games:} 13... Rxc5 14. Rxc5 Qxc5 15. O-O Nd7 16. Qd2 Nf6 17. Rc1 Qe7 18. Qc3 Kf8 19. Qc7 Qxc7 20. Rxc7 {½-½ (27) Georgiev,V (2546)-Nikolov,M (2534) Sunny Beach 2013}) 14. O-O Nd7 15. Nd2 Nf6 16. f3 Rab8 17. Qc2 Nd7 {[%cal Bf6d7,Bd7b6,Bb6a4][%mdl 32]} 18. Rfd1 Nb6 19. e4 Bc6 20. Qxc5 Qxc5+ 21. Rxc5 Na4 22. Rc2 {Hoping for Rdc1.} Rxb2 23. Rxb2 Nxb2 24. Rc1 {[#] aiming for Ba6.} Bd7 25. Rxc8+ Bxc8 $14 {[%mdl 4096] Endgame KBN-KBN} 26. Kf2 e5 {The position is equal.} 27. Nc4 Nxc4 28. Bxc4 $11 {KB-KB} Kf8 29. Ke3 Ke7 30. Kd2 f6 31. Kc3 a5 32. Bg8 h6 33. h4 Kd6 34. Bc4 g5 35. hxg5 fxg5 36. g4 Kc5 37. Bd3 Bd7 38. Bc4 Ba4 {Black wants to play ...Bd1.} 39. Be2 Be8 40. Bc4 Bd7 41. Bd3 Be6 42. Be2 Bf7 43. Bf1 Be8 44. Bc4 h5 45. gxh5 Bxh5 46. Be2 Bf7 47. Bf1 Be6 48. Be2 Bh3 49. Bd3 Bd7 50. Bc4 Bh3 51. Bd3 Bc8 52. Bf1 Bb7 53. Bd3 Bc6 54. Bf1 Be8 55. Bd3 Bf7 56. Bf1 Bg8 57. Bd3 Ba2 58. Ba6 Be6 59. Be2 Bc8 60. Bf1 $1 Bd7 61. Bc4 $1 g4 62. fxg4 Bxg4 63. Bd3 Bf3 64. Bc2 Be2 65. Bb1 Bb5 66. Bc2 Bc6 67. Bd3 Bb5 68. Bc2 Bc6 69. Bd3 Bb5 70. Bc2 Bc6 {Precision: White = 82%, Black = 80%.} 1/2-1/2

[Event "Turkey IS Bank Super League 2017"]
[Site "Darica-Kocaeli"]
[Date "2017.07.28"]
[Round "3"]
[White "Nomin-Erdene, Davaademberel"]
[Black "Karavade, Eesha"]
[Result "1/2-1/2"]
[WhiteElo "2373"]
[BlackElo "2397"]
[Annotator "NA"]
[PlyCount "84"]
[EventType "team-tourn"]
[EventCountry "TUR"]
[SourceTitle "playchess.com"]
[Source "ChessBase"]
[SourceQuality "1"]
[TimeControl "40/5400+30:1800+30"]

1. e4 {[%emt 0:00:30]} c5 {[%emt 0:01:00]} 2. Nf3 {[%emt 0:00:30]} e6 {[%emt 0:00:30]} 3. d4 {[%emt 0:00:30]} cxd4 {[%emt 0:00:30]} 4. Nxd4 {[%emt 0:00:30]} Nc6 {[%emt 0:00:30]} 5. Nc3 {[%emt 0:00:30]} Qc7 {[%emt 0:00:30]} 6. Be3 {[%emt 0:00:00]} a6 {[%emt 0:00:30]} 7. Qd2 {[%emt 0:01:00]} Nf6 {[%emt 0:04:30]} 8. f3 {[%emt 0:01:30]} Be7 {[%emt 0:06:30]} 9. g4 {[%emt 0:00:30]} b5 {[%emt 0:04:30] LiveBook: 11 Games} 10. g5 {[%emt 0:08:30]} Nxd4 {[%emt 0:02:30]} 11. Bxd4 {[%emt 0:03:30]} Nh5 {[%emt 0:00:30]} 12. Ne2 {[%emt 0:00:30]} Bb7 {[%emt 0:15:30]} 13. O-O-O $11 {[%emt 0:09:30]} Rc8 {[%emt 0:05:30]} 14. c3 {[%emt 0:03:30]} f6 {[%emt 0:15:30]} 15. Ng3 {[%emt 0:12:30]} Nf4 {[%emt 0:00:30]} 16. gxf6 {[%emt 0:01:30]} Bxf6 {[%emt 0:02:30]} 17. Bxf6 {[%emt 0:03:30]} gxf6 {[%emt 0:00:00]} 18. Kb1 {[%emt 0:00:30]} Ke7 {[%emt 0:03:00]} 19. Ne2 {[%emt 0:04:30]} Nxe2 {[%emt 0:05:30]} 20. Bxe2 {[%emt 0:00:30]} Rcg8 {[%emt 0:00:00]} 21. c4 {[%emt 0:08:30] [%clk 0:38]} bxc4 {[%emt 0:07:00]} 22. Bxc4 {[%emt 0:02:30]} Rg6 {[%emt 0:00:30]} 23. Qb4+ {[%emt 0:02:30]} Ke8 {[%emt 0:04:30]} 24. Rc1 {[%emt 0:02:30]} Bc6 {[%emt 0:01:32]} 25. Rhd1 {[%emt 0:13:45]} Kf7 {[%emt 0:05:47]} 26. Rd6 {[%emt 0:03:46]} Re8 {[%emt 0:03:58]} 27. Rd2 {[%emt 0:04:47]} Rb8 {[%emt 0:02:02]} 28. Qc3 {[%emt 0:00:55]} Qb6 {[%emt 0:01:23]} 29. Qd3 {[%emt 0:03:05]} a5 {[%emt 0:01:03]} 30. Qd6 {[%emt 0:02:57]} Rg1 {[%emt 0:00:05]} 31. Rxg1 {[%emt 0:03:38]} Qxg1+ {[%emt 0:00:06]} 32. Rd1 {[%emt 0:00:20]} Qb6 {[%emt 0:00:31]} 33. Qd2 {[%emt 0:00:00]} a4 {[%emt 0:00:23]} 34. a3 {[%emt 0:00:33]} Rg8 {[%emt 0:03:28]} 35. Qh6 {[%emt 0:02:20]} Rg2 {[%emt 0:02:34]} 36. Qxh7+ {[%emt 0:00:49]} Ke8 {[%emt 0:00:12]} 37. Qh8+ {[%emt 0:00:46]} Ke7 {[%emt 0:00:10]} 38. Qh7+ {[%emt 0:00:00]} Ke8 {[%emt 0:00:53]} 39. Qh5+ {[%emt 0:00:57]} Ke7 {[%emt 0:00:17]} 40. Qh7+ {[%emt 0:00:00]} Kd8 {[%emt 0:31:27]} 41. Qh8+ {[%emt 0:00:52]} Ke7 {[%emt 0:00:00]} 42. Qh7+ {[%emt 0:01:30]} Kd8 {[%emt 0:00:00]} 1/2-1/2

[Event "Turkey IS Bank Super League 2017"]
[Site "Darica-Kocaeli"]
[Date "2017.07.28"]
[Round "3"]
[White "Soysal, Serkan"]
[Black "Oksuz, Akin"]
[Result "1-0"]
[WhiteElo "2367"]
[BlackElo "2165"]
[Annotator "NA"]
[PlyCount "115"]
[EventType "team-tourn"]
[EventCountry "TUR"]
[SourceTitle "playchess.com"]
[Source "ChessBase"]
[SourceQuality "1"]
[TimeControl "40/5400+30:1800+30"]

1. Nf3 {[%emt 0:00:30]} d6 {[%emt 0:01:00]} 2. d4 {[%emt 0:00:30]} g6 {[%emt 0:00:30]} 3. c4 {[%emt 0:00:30]} f5 {[%emt 0:00:30]} 4. g3 {[%emt 0:00:30]} Bg7 {[%emt 0:00:30]} 5. Bg2 {[%emt 0:00:30]} Nf6 {[%emt 0:00:30]} 6. O-O {[%emt 0:00:30]} O-O {[%emt 0:00:00]} 7. Nc3 {[%emt 0:00:30]} c6 {[%emt 0:00:00]} 8. Re1 {[%emt 0:03:30]} Na6 {[%emt 0:02:30]} 9. a3 {[%emt 0:13:30]} Qc7 {[%emt 0:07:30]} 10. Bf4 {[%emt 0:10:30]} Nh5 {[%emt 0:03:30]} 11. Bc1 $11 {[%emt 0:16:30]} e5 {[%emt 0:03:30]} 12. e3 {[%emt 0:06:30]} h6 {[%emt 0:07:30]} 13. b3 {[%emt 0:04:30]} Be6 {[%emt 0:07:30]} 14. Bb2 {[%emt 0:02:30]} Qf7 {[%emt 0:04:30]} 15. Rc1 {[%emt 0:09:30]} Rad8 {[%emt 0:05:30] [%clk 0:52]} 16. d5 {[%emt 0:19:38]} Bc8 {[%emt 0:01:30]} 17. b4 {[%emt 0:00:30]} c5 {[%emt 0:06:30]} 18. Qb3 {[%emt 0:02:33]} g5 {[%emt 0:03:30]} 19. Nd2 {[%emt 0:00:34]} b6 {[%emt 0:03:30]} 20. Nb5 {[%emt 0:02:15]} Nf6 {[%emt 0:03:30]} 21. Qa4 {[%emt 0:02:20]} e4 {[%emt 0:04:30]} 22. Qb3 {[%emt 0:00:33]} Ng4 {[%emt 0:01:30]} 23. Bxg7 {[%emt 0:01:23]} Qxg7 {[%emt 0:00:00]} 24. f3 {[%emt 0:00:39]} exf3 {[%emt 0:01:00]} 25. Nxf3 {[%emt 0:00:01]} Rfe8 {[%emt 0:00:30]} 26. Nd2 {[%emt 0:00:53]} Nb8 {[%emt 0:01:30]} 27. bxc5 {[%emt 0:00:31]} bxc5 {[%emt 0:04:30]} 28. h3 {[%emt 0:00:48]} Ne5 {[%emt 0:00:30]} 29. Qc2 {[%emt 0:00:34]} Rf8 {[%emt 0:02:30]} 30. Rf1 {[%emt 0:00:26]} Rf6 {[%emt 0:03:30]} 31. Rb1 {[%emt 0:00:32]} Qd7 {[%emt 0:01:30]} 32. Ne4 {[%emt 0:00:43]} Rg6 {[%emt 0:01:30]} 33. Nd2 {[%emt 0:00:15]} Rf8 {[%emt 0:01:02]} 34. Nc3 {[%emt 0:00:38]} Ba6 {[%emt 0:00:36]} 35. g4 {[%emt 0:00:25]} Rgf6 {[%emt 0:09:29]} 36. gxf5 {[%emt 0:00:09]} Bxc4 {[%emt 0:00:47]} 37. Nxc4 {[%emt 0:00:30]} Nxc4 {[%emt 0:00:00]} 38. Ne4 {[%emt 0:00:00]} Nb6 {[%emt 0:03:11]} 39. Nxf6+ {[%emt 0:00:29]} Rxf6 {[%emt 0:00:08]} 40. Qe4 {[%emt 0:00:00]} Na6 {[%emt 0:01:47]} 41. h4 {[%emt 0:04:41]} gxh4 {[%emt 0:07:30]} 42. Qxh4 {[%emt 0:08:30]} Qf7 {[%emt 0:04:30]} 43. e4 {[%emt 0:03:16]} c4 {[%emt 0:00:30]} 44. Rf3 {[%emt 0:05:58]} Kh7 {[%emt 0:00:30]} 45. Rg3 {[%emt 0:00:43]} Nc5 {[%emt 0:04:30]} 46. Rg6 {[%emt 0:02:26]} Rxg6 {[%emt 0:00:30]} 47. fxg6+ {[%emt 0:00:30]} Qxg6 {[%emt 0:00:00]} 48. Qe7+ {[%emt 0:01:43]} Qg7 {[%emt 0:00:00]} 49. Qxd6 {[%emt 0:00:48]} Nxe4 {[%emt 0:00:00]} 50. Qe6 {[%emt 0:03:56]} Nd2 {[%emt 0:00:00]} 51. Rd1 {[%emt 0:02:27]} c3 {[%emt 0:04:43]} 52. Kh1 {[%emt 0:00:30]} Qg6 {[%emt 0:06:32]} 53. Qe7+ {[%emt 0:00:35]} Kh8 {[%emt 0:00:48]} 54. Re1 {[%emt 0:01:37]} Qh5+ {[%emt 0:12:03]} 55. Kg1 {[%emt 0:00:30]} Nf3+ {[%emt 0:00:00]} 56. Bxf3 {[%emt 0:00:01]} Qxf3 {[%emt 0:00:01]} 57. Qe8+ {[%emt 0:00:24]} Kg7 {[%emt 0:00:30]} 58. Re7+ {[%emt 0:00:00]} 1-0

[Event "Turkey IS Bank Super League 2017"]
[Site "Darica-Kocaeli"]
[Date "2017.07.28"]
[Round "3"]
[White "Kerigan, Demre"]
[Black "Samani, Yamac"]
[Result "1/2-1/2"]
[WhiteElo "2354"]
[BlackElo "2263"]
[Annotator "NA"]
[PlyCount "89"]
[EventType "team-tourn"]
[EventCountry "TUR"]
[SourceTitle "playchess.com"]
[Source "ChessBase"]
[SourceQuality "1"]
[TimeControl "40/5400+30:1800+30"]

1. e4 {[%emt 0:00:30]} c5 {[%emt 0:01:00]} 2. Nc3 {[%emt 0:00:30]} Nc6 {[%emt 0:03:30]} 3. Bb5 {[%emt 0:00:30]} e6 {[%emt 0:00:30]} 4. Bxc6 {[%emt 0:00:30]} bxc6 {[%emt 0:00:30]} 5. d3 {[%emt 0:00:30]} Ne7 {[%emt 0:01:30]} 6. f4 {[%emt 0:06:30]} d5 {[%emt 0:07:30]} 7. Nf3 {[%emt 0:01:30]} Ng6 {[%emt 0:02:30]} 8. O-O {[%emt 0:01:30]} Bd6 {[%emt 0:04:30]} 9. Qe1 $11 {[%emt 0:13:30]} O-O {[%emt 0:22:30]} 10. Qg3 {[%emt 0:05:30]} f6 {[%emt 0:07:30]} 11. Bd2 {[%emt 0:06:30]} Qc7 {[%emt 0:01:30]} 12. Nh4 {[%emt 0:08:30]} Nxh4 {[%emt 0:02:30]} 13. Qxh4 {[%emt 0:01:30]} Rb8 {[%emt 0:06:30]} 14. b3 {[%emt 0:06:30]} f5 {[%emt 0:12:30] [%clk 0:23]} 15. e5 {[%emt 0:15:30]} Be7 {[%emt 0:00:00]} 16. Qf2 {[%emt 0:00:30]} Ba6 {[%emt 0:04:28]} 17. Rfd1 {[%emt 0:03:30]} Rfd8 {[%emt 0:01:54]} 18. Na4 {[%emt 0:02:30]} d4 {[%emt 0:07:00]} 19. Rac1 {[%emt 0:03:30]} c4 {[%emt 0:01:07]} 20. dxc4 {[%emt 0:03:19]} c5 {[%emt 0:00:30]} 21. Nb2 {[%emt 0:04:33]} Bb7 {[%emt 0:00:47]} 22. Nd3 {[%emt 0:00:08]} Qc6 {[%emt 0:00:23]} 23. Ne1 {[%emt 0:00:29]} Qa6 {[%emt 0:01:09]} 24. Ra1 {[%emt 0:03:33]} Be4 {[%emt 0:00:31]} 25. Nd3 {[%emt 0:00:46]} Rd7 {[%emt 0:01:07]} 26. h3 {[%emt 0:00:28]} Kh8 {[%emt 0:01:18]} 27. Kh2 {[%emt 0:00:31]} Qc8 {[%emt 0:01:04]} 28. Rg1 {[%emt 0:01:10]} Qe8 {[%emt 0:01:16]} 29. Qe2 {[%emt 0:00:29]} Bf8 {[%emt 0:01:50]} 30. Raf1 {[%emt 0:00:39]} g6 {[%emt 0:01:33]} 31. Be1 {[%emt 0:00:55]} Be7 {[%emt 0:00:07]} 32. Bg3 {[%emt 0:03:10]} Rb6 {[%emt 0:00:25]} 33. Qf2 {[%emt 0:01:15]} Ra6 {[%emt 0:01:03]} 34. Ra1 {[%emt 0:00:21]} Qd8 {[%emt 0:00:12]} 35. Qe2 {[%emt 0:00:58]} Qc8 {[%emt 0:02:08]} 36. a4 {[%emt 0:00:16]} Rd8 {[%emt 0:01:59]} 37. Rad1 {[%emt 0:00:57]} Rd7 {[%emt 0:00:16]} 38. Bf2 {[%emt 0:01:25]} Rb6 {[%emt 0:00:28]} 39. Qe1 {[%emt 0:01:44]} Qd8 {[%emt 0:00:22]} 40. Qa5 {[%emt 0:00:00]} Qc8 {[%emt 0:01:03]} 41. Bg3 {[%emt 0:05:54]} Ra6 {[%emt 0:03:30]} 42. Qd2 {[%emt 0:02:30]} Rb6 {[%emt 0:02:30]} 43. Qe2 {[%emt 0:04:30]} Rb8 {[%emt 0:03:30]} 44. Rd2 {[%emt 0:05:45]} Qc7 {[%emt 0:02:30]} 45. Qd1 {[%emt 0:03:15]} 1/2-1/2

[Event "Turkey IS Bank Super League 2017"]
[Site "Darica-Kocaeli"]
[Date "2017.07.28"]
[Round "3"]
[White "Yurtseven, Melih"]
[Black "Dastan, Muhammed Batuhan"]
[Result "1/2-1/2"]
[WhiteElo "2353"]
[BlackElo "2529"]
[Annotator "TA"]
[PlyCount "143"]
[EventType "team-tourn"]
[EventCountry "TUR"]
[SourceTitle "playchess.com"]
[Source "ChessBase"]
[SourceQuality "1"]

{[%evp 9,143,8,29,0,8,0,0,0,45,18,25,25,47,0,0,0,16,28,17,0,0,0,0,0,29,22,70,55,53,0,0,0,0,-14,-13,-14,14,14,13,10,16,9,12,10,36,37,38,27,18,26,29,0,0,0,0,0,0,-16,0,-15,-2,-17,0,0,0,-17,-15,-15,0,0,0,0,0,-8,-3,-16,0,0,0,0,0,0,0,0,0,0,0,0,0,0,0,0,0,0,0,0,0,0,0,0,0,0,0,0,0,0,0,0,0,0,0,0,0,0,0,0,0,0,0,0,0,0,0,0,0,0,0,0,0,0,0,0,0,0,0,0]} 1. Nf3 d6 2. d4 f5 3. Nc3 Nf6 4. Qd3 (4. Bg5 Nbd7 5. Qd3 g6 6. h3 Bg7 7. g4 Nb6 8. O-O-O O-O 9. Bxf6 exf6 10. Rg1 d5 11. e3 c6 12. g5 Nc4 13. h4 {1-0 (44) Cordova,E (2655)-Fedoseev,V (2658) Saint Louis 2017}) 4... d5 5. Bf4 a6 6. e3 $146 {A80: Dutch Defence: Unusual White second moves} ({Predecessor:} 6. Ne5 e6 7. g4 Nc6 8. Nxc6 bxc6 9. Qg3 Bd6 10. Bxd6 cxd6 11. gxf5 {½-½ (38) Ollier,P (2277)-Deglmann,L (2335) Condom 2011}) 6... e6 7. Be2 c5 8. O-O Nbd7 9. dxc5 Nxc5 10. Qd4 Ncd7 11. a4 Bc5 12. Qd1 Nf8 13. Na2 Ng6 14. Bg3 Ne4 15. c4 dxc4 16. Bxc4 Nxg3 17. hxg3 Qe7 18. b4 Bd6 19. Qb3 ({White should try} 19. Bb3 $14) 19... h5 20. e4 fxe4 21. Nd2 h4 {White must now prevent ...hxg3.} 22. Nxe4 hxg3 {( -> ...Rh1+!)} (22... Bb8 $5 {[%cal Rh4g3]} 23. Rac1 O-O $11) 23. Nxd6+ Qxd6 24. Qxg3 Qxg3 25. fxg3 Ne5 26. Bb3 Nc6 27. Rf4 Bd7 28. Re4 Rh6 29. Nc3 Rg6 30. Nd5 O-O-O {The position is equal.} 31. Nb6+ Kc7 32. Nxd7 Rxd7 33. Rc1 Kd6 34. Rce1 {[%cal Rb3e6]} e5 35. g4 Nd4 36. Ba2 Re7 37. Kh2 Rf6 38. Kg3 {[#]} Rf4 $1 {[%mdl 512]} 39. Bb1 $1 (39. Rxf4 exf4+) 39... Rxe4 40. Bxe4 $11 {[%mdl 4096] Endgame KRB-KRN} Rc7 41. Kh4 b6 42. a5 bxa5 43. bxa5 Rc5 44. Kh5 Rxa5 45. Kg6 Ra3 46. Kxg7 Rg3 47. Bf3 a5 48. Kh6 Nxf3 49. gxf3 {KR-KR} Rh3+ 50. Kg5 Rxf3 {Hoping for ...a4.} 51. Ra1 e4 52. Rxa5 e3 {Threatens to win with ...e2.} 53. Ra6+ Ke5 54. Ra8 Kd4 55. Rd8+ Kc3 {And now ...e2 would win.} 56. Rc8+ Kd2 {Strongly threatening ...e2.} (56... Kd4 $5 {[%cal Re3e2]} 57. Re8 Rf1 $11) 57. Rd8+ Ke1 58. Re8 Kf2 (58... e2 $5 59. Kh6 $8 Rg3 $11) 59. Kh6 $1 Rh3+ 60. Kg6 e2 {[#]} (60... Rg3 {keeps more tension.} 61. g5 Rf3 62. Re4 Rf8 63. Kh7 Rf7+) 61. Rxe2+ $1 {[%mdl 512]} Kxe2 {KR-KP} 62. g5 Ke3 {...Rf3 is the strong threat.} 63. Kf6 Rf3+ 64. Ke6 Rg3 65. Kf6 Rf3+ 66. Ke6 Rg3 67. Kf6 Kf4 68. g6 Kg4 69. g7 Kh5 {aiming for ...Kh6.} 70. Kf7 Kh6 71. g8=Q Rxg8 72. Kxg8 {Precision: White = 60%, Black = 57%.} 1/2-1/2